[Event "Jastrzebie Zdroj op"]
[Site "Jastrzebie Zdroj"]
[Date "2018.08.25"]
[Round "9"]
[White "Berlin, Tatiana"]
[Black "Wiecek, Pawel"]
[Result "1-0"]
[WhiteElo "2138"]
[BlackElo "1910"]
[PlyCount "56"]
[EventDate "2018.08.18"]
[EventType "swiss"]
[EventRounds "9"]
[EventCountry "POL"]
[SourceTitle "CBM 186 Extra"]
[Source "ChessBase"]
[SourceDate "2018.08.24"]
[SourceVersion "1"]
[SourceVersionDate "2018.08.24"]
[SourceQuality "1"]

1. e4 e5 2. f4 d5 3. exd5 e4 4. d3 Nf6 5. Nc3 Bb4 6. Bd2 e3 7. Bxe3 0-0 8. Qf3 Bg4 9. Qg3 Re8 10. Kf2 c6 11. h3 Bxc3 12. hxg4 Bxb2 13. Rb1 Rxe3 14. Kxe3 Nxd5+ 15. Kf3 Nc3 16. Re1 Qd5+ 17. Kf2 Qc5+ 18. d4 Qxd4+ 19. Qe3 Qxe3+ 20. Kxe3 Nd7 21. Bd3 g6 22. Nh3 Kg7 23. Ng5 h6 24. Ne4 Nxa2 25. Rb1 Bf6 26. Rxb7 Nb6 27. Nxf6 Kxf6 28. Rxh6 Kg7 1-0

[Event "Novokuznetsk (Women)"]
[Site "Novokuznetsk"]
[Date "2016.08.13"]
[Round "5"]
[White "Berlin, Tatiana"]
[Black "Marjina, Arina"]
[Result "0-1"]
[WhiteElo "2143"]
[BlackElo "2025"]
[PlyCount "62"]
[EventDate "2016.08.09"]
[EventType "tourn"]
[EventRounds "9"]
[EventCountry "RUS"]
[SourceTitle "EXT 2018"]
[Source "ChessBase"]
[SourceDate "2017.10.13"]
[SourceVersion "1"]
[SourceVersionDate "2017.10.13"]
[SourceQuality "1"]

1. e4 c6 2. d4 d5 3. exd5 cxd5 4. Bd3 Nc6 5. c3 Qc7 6. Na3 a6 7. Qf3 e5 8. Nc2 e4 9. Qe3 Be6 10. Be2 Nf6 11. f3 Bd6 12. fxe4 Nxe4 13. Nf3 0-0-0 14. 0-0 g5 15. c4 g4 16. c5 Bg3 17. hxg3 gxf3 18. Rxf3 h5 19. Qf4 Qd7 20. b4 Bg4 21. b5 axb5 22. Ra3 Qe6 23. Bxb5 Kd7 24. Bxc6+ bxc6 25. Ra7+ Ke8 26. Bd2 h4 27. gxh4 Rg8 28. Rf1 Bh5 29. Ba5 Ng3 30. Qf6 Ne2+ 31. Kh2 Rxg2+ 0-1

[Event "Novokuznetsk (Women)"]
[Site "Novokuznetsk"]
[Date "2016.08.13"]
[Round "6"]
[White "Zhylkaidarova, Sholpan"]
[Black "Berlin, Tatiana"]
[Result "1/2-1/2"]
[WhiteElo "2136"]
[BlackElo "2143"]
[PlyCount "100"]
[EventDate "2016.08.09"]
[EventType "tourn"]
[EventRounds "9"]
[EventCountry "RUS"]
[SourceTitle "EXT 2018"]
[Source "ChessBase"]
[SourceDate "2017.10.13"]
[SourceVersion "1"]
[SourceVersionDate "2017.10.13"]
[SourceQuality "1"]

1. d4 d5 2. c4 e6 3. Nf3 c6 4. Nc3 Nf6 5. Bg5 Nbd7 6. cxd5 exd5 7. e3 Be7 8. Bd3 0-0 9. Qc2 Re8 10. 0-0 Nf8 11. Rab1 a5 12. a3 Ne4 13. Bxe7 Qxe7 14. b4 axb4 15. axb4 Ng6 16. b5 Bg4 17. Bxe4 dxe4 18. Nd2 Bf5 19. bxc6 bxc6 20. Ne2 Rac8 21. Ng3 Nh4 22. Rfc1 Qe6 23. Rb6 Bh3 24. Qxe4 Nxg2 25. Qxe6 fxe6 26. Nf3 h6 27. Kh1 g5 28. Ng1 g4 29. Ne4 Rf8 30. Nxh3 gxh3 31. Kg1 Rc7 32. Rbxc6 Rg7 33. Ng3 Rgf7 34. Rxe6 Rxf2 35. Rf1 Rxf1+ 36. Nxf1 Rf3 37. Rxh6 Nxe3 38. Nxe3 Rxe3 39. Rg6+ Kf7 40. Rg3 Re4 41. Rd3 Rf4 42. d5 Ke7 43. Rxh3 Rd4 44. Rh5 Kd6 45. Kg2 Rxd5 46. Rh8 Ke6 47. Rg8 Kf7 48. Rg4 Kf6 49. h4 Ra5 50. Rg8 Kf7 1/2-1/2

[Event "Novokuznetsk (Women)"]
[Site "Novokuznetsk"]
[Date "2016.08.10"]
[Round "2"]
[White "Berlin, Tatiana"]
[Black "Krjuchkova, Elena"]
[Result "1/2-1/2"]
[WhiteElo "2143"]
[BlackElo "2170"]
[PlyCount "92"]
[EventDate "2016.08.09"]
[EventType "tourn"]
[EventRounds "9"]
[EventCountry "RUS"]
[SourceTitle "EXT 2018"]
[Source "ChessBase"]
[SourceDate "2017.10.13"]
[SourceVersion "1"]
[SourceVersionDate "2017.10.13"]
[SourceQuality "1"]

1. e4 e5 2. Nf3 Nc6 3. Bb5 Nge7 4. 0-0 Ng6 5. d4 exd4 6. Nxd4 Bc5 7. Nxc6 bxc6 8. Bc4 0-0 9. Qh5 d6 10. Bg5 Qe8 11. Nd2 Be6 12. Bd3 Qd7 13. h3 f6 14. Be3 Bxe3 15. fxe3 Ne5 16. b3 c5 17. Rf4 a5 18. Qe2 Qf7 19. Nf3 Qg6 20. Nh4 Qe8 21. Nf5 Bxf5 22. exf5 Nxd3 23. Qxd3 Qe5 24. Rd1 Rfe8 25. Qc4+ Kf8 26. Rd3 a4 27. b4 a3 28. bxc5 dxc5 29. Rf3 Red8 30. e4 Rab8 31. Rxa3 Rd4 32. Qe2 Rxe4 33. Rae3 Qd4 34. c3 Rxe3 35. Qxe3 Rb1+ 36. Kh2 Qd6+ 37. Qf4 Ra1 38. Qxd6+ cxd6 39. Rd3 Ke7 40. Re3+ Kd7 41. Rg3 g5 42. fxg6 hxg6 43. Rxg6 Ke6 44. h4 Rxa2 45. h5 Kf7 46. Kh3 d5 1/2-1/2

[Event "Lublin Zukertort Memorial 5th"]
[Site "Lublin"]
[Date "2013.06.??"]
[Round "6"]
[White "Berlin, Tatiana"]
[Black "Barski, Radoslaw"]
[Result "0-1"]
[WhiteElo "2152"]
[BlackElo "2247"]
[PlyCount "80"]
[EventDate "2013.06.24"]
[EventType "swiss"]
[EventRounds "9"]
[EventCountry "POL"]
[SourceTitle "EXT 2014"]
[Source "ChessBase"]
[SourceDate "2013.11.20"]
[SourceVersion "1"]
[SourceVersionDate "2013.11.20"]
[SourceQuality "1"]

1. e4 c5 2. Nc3 a6 3. Nf3 d6 4. d4 cxd4 5. Nxd4 Nf6 6. Be2 e6 7. 0-0 Be7 8. f4 Qc7 9. f5 e5 10. Nb3 b5 11. a3 Bb7 12. Bf3 Nbd7 13. Kh1 Rc8 14. Qe1 Nb6 15. Qg3 Kf8 16. Nd2 h5 17. Re1 h4 18. Qf2 d5 19. exd5 Nbxd5 20. Nxd5 Nxd5 21. Nf1 h3 22. c3 Bc5 23. Qg3 Nf4 24. Bxf4 exf4 25. Qg4 Bf2 26. Re2 Rh4 27. Qg5 f6 28. Qg6 Bxf3 29. gxf3 Bc5 30. Rae1 Qf7 31. Re6 Qxg6 32. fxg6 Rh6 33. Nd2 Rxg6 34. Ne4 Be3 35. Rxa6 Rg2 36. b3 Kg8 37. Rd1 f5 38. Nd6 Rxc3 39. Nxf5 Rcc2 40. Nxe3 fxe3 0-1

[Event "Lublin Zukertort Memorial 5th"]
[Site "Lublin"]
[Date "2013.06.??"]
[Round "5"]
[White "Berlin, Tatiana"]
[Black "Pikulinski, Janusz"]
[Result "1-0"]
[WhiteElo "2152"]
[BlackElo "1894"]
[PlyCount "79"]
[EventDate "2013.06.24"]
[EventType "swiss"]
[EventRounds "9"]
[EventCountry "POL"]
[SourceTitle "EXT 2014"]
[Source "ChessBase"]
[SourceDate "2013.11.20"]
[SourceVersion "1"]
[SourceVersionDate "2013.11.20"]
[SourceQuality "1"]

1. e4 e5 2. Nf3 Nc6 3. Bb5 a6 4. Ba4 Nf6 5. Qe2 d6 6. h3 Be7 7. c3 b5 8. Bc2 0-0 9. a4 Rb8 10. axb5 axb5 11. b4 d5 12. d3 d4 13. Bd2 dxc3 14. Bxc3 Bxb4 15. Bxb4 Nxb4 16. 0-0 Re8 17. Na3 c5 18. Rfd1 h6 19. Bb3 Be6 20. Bxe6 Rxe6 21. Nc2 Nxc2 22. Qxc2 Qb6 23. Rdc1 Nd7 24. Nd2 Rc6 25. Rcb1 Qc7 26. Qa2 Nf8 27. Nf1 Ne6 28. Ne3 Nf4 29. Rb3 Rd6 30. g3 Nxh3+ 31. Kg2 Ng5 32. Nf5 Rd7 33. Qa6 Qb7 34. Nxh6+ gxh6 35. Qxh6 Ne6 36. Rh1 f6 37. Qh8+ Kf7 38. Rh7+ Kg6 39. Rh6+ Kg5 40. Qxf6+ 1-0

[Event "Rewal op-A 16th"]
[Site "Rewal"]
[Date "2011.08.28"]
[Round "9"]
[White "Berlin, Tatiana"]
[Black "Gabrys, Sebastian"]
[Result "1-0"]
[WhiteElo "2206"]
[BlackElo "1805"]
[PlyCount "121"]
[EventDate "2011.08.19"]
[EventType "swiss"]
[EventRounds "9"]
[EventCountry "POL"]
[SourceTitle "CBM 144 Extra"]
[Source "ChessBase"]
[SourceDate "2011.10.28"]
[SourceVersion "1"]
[SourceVersionDate "2011.10.28"]
[SourceQuality "1"]

1. e4 c5 2. Nf3 e6 3. d3 Nf6 4. g3 d5 5. Nbd2 Nc6 6. Bg2 Be7 7. 0-0 0-0 8. c3 b6 9. e5 Nd7 10. Re1 Ba6 11. Qe2 Rc8 12. Nf1 Re8 13. h4 h6 14. N1h2 Nf8 15. Ng4 Kh7 16. Nxh6 gxh6 17. Qd2 Kg8 18. Bf1 Nh7 19. Qxh6 Bf8 20. Qh5 Bg7 21. Ng5 Nxg5 22. Bxg5 Ne7 23. Re3 Qc7 24. Bf6 Ng6 25. Qg5 d4 26. cxd4 cxd4 27. Ree1 Bxf6 28. Qxf6 Qe7 29. Qf3 Rc5 30. Qg4 Kh7 31. b4 Rb5 32. a3 f5 33. Qxd4 Rd5 34. Qb2 Bxd3 35. Bg2 Rdd8 36. Rac1 Rc8 37. Rc3 Rxc3 38. Qxc3 Ba6 39. Bc6 Rc8 40. Qf3 Qc7 41. b5 Nxe5 42. Rxe5 Qxe5 43. bxa6 Qa1+ 44. Kh2 Qc1 45. Bd7 Rc3 46. Qh5+ Kg7 47. Bxe6 Rc7 48. Bxf5 Qc5 49. Qg5+ Kf8 50. Qf4 Rf7 51. g4 Qc7 52. Kg3 Qc3+ 53. Kg2 Qxa3 54. h5 Qxa6 55. Qd6+ Re7 56. h6 Qb7+ 57. f3 Qc7 58. Qf6+ Rf7 59. Qh8+ Ke7 60. h7 a5 61. Qd4 1-0

[Event "Rewal op-A 16th"]
[Site "Rewal"]
[Date "2011.08.24"]
[Round "5"]
[White "Berlin, Tatiana"]
[Black "Szczukiewicz, Andrzej"]
[Result "0-1"]
[WhiteElo "2206"]
[BlackElo "2070"]
[PlyCount "130"]
[EventDate "2011.08.19"]
[EventType "swiss"]
[EventRounds "9"]
[EventCountry "POL"]
[SourceTitle "CBM 144 Extra"]
[Source "ChessBase"]
[SourceDate "2011.10.28"]
[SourceVersion "1"]
[SourceVersionDate "2011.10.28"]
[SourceQuality "1"]

1. e4 c5 2. Nc3 Nc6 3. f4 g6 4. Nf3 Bg7 5. Bc4 e6 6. 0-0 Nge7 7. d3 d5 8. Bb5 Qb6 9. Bxc6+ Qxc6 10. Qe1 0-0 11. Qh4 dxe4 12. dxe4 f6 13. Be3 b6 14. Rad1 Ba6 15. Rf2 Rad8 16. Ne5 Rxd1+ 17. Nxd1 fxe5 18. Qxe7 Bf6 19. Qxf8+ Kxf8 20. fxe5 Qxe4 21. exf6 Kf7 22. h3 g5 23. Bd2 h5 24. Nc3 Qe5 25. Rf3 Bb7 26. Rf2 Bc6 27. Ne2 Be4 28. Bc3 Qd6 29. h4 gxh4 30. Nf4 b5 31. Nh3 Qd1+ 32. Kh2 Qg4 33. Be5 a5 34. Rd2 Bd5 35. b3 b4 36. Rf2 c4 37. bxc4 Bxc4 38. Bb2 Qg3+ 39. Kg1 e5 40. Bc1 Kg6 41. Ng5 Bf7 42. Rf3 Qe1+ 43. Rf1 Qe2 44. Nf3 h3 45. gxh3 Bc4 46. Rf2 Qd1+ 47. Kh2 Kxf6 48. Bb2 Bd5 49. Nxe5+ Ke6 50. Nd3 Bxa2 51. Kg3 Bb1 52. Nf4+ Kd7 53. c4 Qb3+ 54. Kh4 Qxc4 55. Rd2+ Kc8 56. Be5 a4 57. Kxh5 a3 58. Nd5 Kb7 59. Kg5 b3 60. Rd4 Qc1+ 61. Kf6 b2 62. Nc3 Qxc3 63. Rd7+ Kc8 64. Bxc3 Kxd7 65. Ke5 Bc2 0-1

[Event "Olympiad Women-38"]
[Site "Dresden"]
[Date "2008.11.23"]
[Round "10"]
[White "Rojas Solano, Jessenia"]
[Black "Berlin, Tatiana"]
[Result "0-1"]
[WhiteElo "1959"]
[BlackElo "2218"]
[PlyCount "78"]
[EventDate "2008.11.13"]
[EventType "team-swiss"]
[EventRounds "11"]
[EventCountry "GER"]
[SourceTitle "CBM 128"]
[Source "ChessBase"]
[SourceDate "2009.01.28"]
[SourceVersion "1"]
[SourceVersionDate "2009.01.28"]
[SourceQuality "1"]
[WhiteTeam "Ecuador (W)"]
[BlackTeam "Belarus (W)"]
[WhiteTeamCountry "ECU"]
[BlackTeamCountry "BLR"]

1. Nf3 Nf6 2. c4 d6 3. d4 Nbd7 4. Nc3 g6 5. e4 e5 6. Be2 Bg7 7. 0-0 0-0 8. dxe5 dxe5 9. h3 c6 10. Be3 Qe7 11. Qd2 Nc5 12. Qc2 Nh5 13. Rfd1 f5 14. b4 Ne6 15. exf5 gxf5 16. Nxe5 Bxe5 17. Bxh5 f4 18. Bd2 Nd4 19. Qd3 Bf5 20. Qf1 Qg5 21. Bg4 Bxg4 22. hxg4 Qxg4 23. f3 Qh5 24. Ne4 Nf5 25. c5 Ne3 26. Qd3 Nxd1 27. Rxd1 Rad8 28. Qb3+ Qf7 29. Qxf7+ Rxf7 30. Re1 Rfd7 31. Re2 Kg7 32. Kh2 Kg6 33. a4 Kf5 34. Kh3 Rd3 35. Kh4 Ra3 36. a5 Ra1 37. Nf2 Rg1 38. Kh3 Rg8 39. Ng4 Rh1+ 0-1

[Event "Olympiad Women-38"]
[Site "Dresden"]
[Date "2008.11.16"]
[Round "4"]
[White "Camacho, Chardine Cheradee"]
[Black "Berlin, Tatiana"]
[Result "1/2-1/2"]
[WhiteElo "2100"]
[BlackElo "2218"]
[PlyCount "156"]
[EventDate "2008.11.13"]
[EventType "team-swiss"]
[EventRounds "11"]
[EventCountry "GER"]
[SourceTitle "CBM 128"]
[Source "ChessBase"]
[SourceDate "2009.01.28"]
[SourceVersion "1"]
[SourceVersionDate "2009.01.28"]
[SourceQuality "1"]
[WhiteTeam "Philippines (W)"]
[BlackTeam "Belarus (W)"]
[WhiteTeamCountry "PHI"]
[BlackTeamCountry "BLR"]

1. e4 e5 2. Nf3 Nc6 3. d4 exd4 4. Bc4 Nf6 5. e5 d5 6. Bb5 Ne4 7. Nxd4 Bd7 8. Bxc6 bxc6 9. 0-0 c5 10. Nb3 Bb5 11. Re1 c6 12. f3 Ng5 13. f4 Ne4 14. N1d2 Nxd2 15. Bxd2 Qd7 16. Qf3 0-0-0 17. Qf2 d4 18. Ba5 Re8 19. Rad1 Qd5 20. Kh1 Kb8 21. Nc1 Ba6 22. Qd2 Be7 23. Ne2 Ka8 24. Ng3 h5 25. Nf5 g6 26. Nxe7 Rxe7 27. b3 h4 28. h3 Bc8 29. c3 c4 30. cxd4 cxb3 31. Rc1 b2 32. Rc5 Qxa2 33. Rc2 Rb7 34. Bc3 Bf5 35. Rxb2 Rxb2 36. Qxb2 Qxb2 37. Bxb2 Rd8 38. Kg1 Kb7 39. Re3 Be6 40. Kf2 Kb6 41. Ra3 a5 42. Bc3 Ra8 43. Be1 Kb5 44. Kg1 a4 45. Bxh4 Kc4 46. Be1 Kxd4 47. Kf2 Bb3 48. Bd2 c5 49. Be3+ Kd5 50. g4 c4 51. h4 Ke4 52. Bc1 Rd8 53. Ra1 Rd3 54. Kg2 c3 55. Kh2 Kf3 56. f5 Kxg4 57. fxg6 fxg6 58. e6 Rh3+ 59. Kg2 Rxh4 60. e7 Rh8 61. Ba3 Bd5+ 62. Kf2 Kf5 63. Rc1 g5 64. Rxc3 g4 65. Rd3 Bc6 66. Rd8 Rh2+ 67. Ke1 Rh3 68. Bc5 Rc3 69. Bd4 Rc4 70. Kf2 a3 71. Ke3 a2 72. e8Q Bxe8 73. Rxe8 Rxd4 74. Ra8 Re4+ 75. Kf2 Kf4 76. Rxa2 Rb4 77. Kg2 g3 78. Rc2 Ke5 1/2-1/2

[Event "WMSG Rapid Team 1st (Women)"]
[Site "Beijing"]
[Date "2008.10.15"]
[Round "4"]
[White "Berlin, Tatiana"]
[Black "Ghader Pour, Shayesteh"]
[Result "1/2-1/2"]
[WhiteElo "2218"]
[BlackElo "2149"]
[PlyCount "133"]
[EventDate "2008.10.14"]
[EventType "team (rapid)"]
[EventRounds "9"]
[EventCountry "CHN"]
[SourceTitle "CBM 126 Extra"]
[Source "ChessBase"]
[SourceDate "2008.11.05"]
[SourceVersion "1"]
[SourceVersionDate "2008.11.05"]
[SourceQuality "1"]

1. e4 c5 2. Nf3 d6 3. g3 Nc6 4. Bg2 g6 5. 0-0 Bg7 6. d3 Nf6 7. c3 0-0 8. Re1 Qc7 9. Nbd2 Rb8 10. Nf1 Bg4 11. h3 Bxf3 12. Qxf3 b5 13. a3 a5 14. Bg5 Nd7 15. Qe3 Rfe8 16. Bh6 Bh8 17. Nh2 b4 18. axb4 axb4 19. Qd2 bxc3 20. bxc3 Rb3 21. Rac1 Qa5 22. d4 cxd4 23. cxd4 Qxd2 24. Bxd2 Nxd4 25. Rc7 Nc5 26. Bg5 Kf8 27. Bh6+ Bg7 28. Bxg7+ Kxg7 29. Ng4 Nf3+ 30. Bxf3 Rxf3 31. Kg2 Ra3 32. e5 Ne6 33. Rb7 d5 34. Ne3 Ra5 35. Rd7 d4 36. Nd5 Kf8 37. Rd1 Nc5 38. Rc7 Na6 39. Ra7 Rxd5 40. Rxa6 Red8 41. f4 Rc8 42. Ra3 Rc2+ 43. Kf3 e6 44. Rad3 Rc3 45. Ke4 Kg7 46. Rxc3 dxc3 47. Rc1 Rc5 48. Kd4 Rd5+ 49. Kc4 g5 50. Rxc3 h6 51. Rd3 Rxd3 52. Kxd3 gxf4 53. gxf4 Kg6 54. Ke4 Kh5 55. Kf3 Kh4 56. Kg2 Kh5 57. Kg3 Kg6 58. Kg4 h5+ 59. Kf3 f6 60. exf6 Kxf6 61. Ke4 h4 62. Ke3 Kf5 63. Kf3 e5 64. fxe5 Kxe5 65. Kg4 Kf6 66. Kxh4 Kg6 67. Kg4 1/2-1/2

[Event "WMSG Blitz Team 1st (Women)"]
[Site "Beijing"]
[Date "2008.10.13"]
[Round "2"]
[White "Berlin, Tatiana"]
[Black "Mohammed, Jannar Worya"]
[Result "1-0"]
[WhiteElo "2218"]
[BlackElo "1913"]
[PlyCount "21"]
[EventDate "2008.10.13"]
[EventType "team (blitz)"]
[EventRounds "11"]
[EventCountry "CHN"]
[SourceTitle "CBM 126 Extra"]
[Source "ChessBase"]
[SourceDate "2008.11.05"]
[SourceVersion "1"]
[SourceVersionDate "2008.11.05"]
[SourceQuality "1"]

1. e4 e5 2. Nf3 Nc6 3. Bb5 a6 4. Ba4 Nf6 5. Qe2 b5 6. Bb3 Be7 7. 0-0 0-0 8. d4 Na5 9. Bc4 Kh8 10. Nc3 Bb7 11. Bg5 1-0

[Event "WMSG Blitz Team 1st (Women)"]
[Site "Beijing"]
[Date "2008.10.13"]
[Round "8"]
[White "Zdebskaja, Natalia"]
[Black "Berlin, Tatiana"]
[Result "1-0"]
[WhiteElo "2419"]
[BlackElo "2218"]
[PlyCount "103"]
[EventDate "2008.10.13"]
[EventType "team (blitz)"]
[EventRounds "11"]
[EventCountry "CHN"]
[SourceTitle "CBM 126 Extra"]
[Source "ChessBase"]
[SourceDate "2008.11.05"]
[SourceVersion "1"]
[SourceVersionDate "2008.11.05"]
[SourceQuality "1"]

1. e4 e5 2. Nf3 Nc6 3. Bb5 a6 4. Ba4 Nf6 5. 0-0 b5 6. Bb3 Bc5 7. c3 d6 8. d4 Bb6 9. Be3 0-0 10. Nbd2 Bg4 11. h3 Bxf3 12. Nxf3 Na5 13. Bc2 Nc4 14. Bc1 Re8 15. b3 Na5 16. d5 c6 17. c4 bxc4 18. b4 cxd5 19. bxa5 Bxa5 20. exd5 e4 21. Ne1 Bc3 22. Rb1 Qa5 23. Ba4 Re5 24. Bc6 Rc8 25. Bf4 Rxd5 26. Bxd5 Nxd5 27. Qg4 Rd8 28. Qf5 Nf6 29. Qxa5 Bxa5 30. Nc2 d5 31. Be5 Nd7 32. Bd4 f6 33. Rb7 Ne5 34. Rfb1 h6 35. Ra7 Nc6 36. Rxa6 Nxd4 37. Nxd4 Bc3 38. Ne6 Re8 39. Rb7 f5 40. Rd7 Bf6 41. Rxd5 c3 42. Rc5 Kf7 43. Nf4 Rd8 44. Ra7+ Kg8 45. Rac7 Rd1+ 46. Kh2 c2 47. Rxc2 Be5 48. Rc8+ Kh7 49. g3 Ra1 50. Ra8 g5 51. Ra7+ Kg8 52. Rc8# 1-0

[Event "BLR-ch (Women) 52nd"]
[Site "Minsk"]
[Date "2008.03.15"]
[Round "6"]
[White "Klimets, Elena"]
[Black "Berlin, Tatiana"]
[Result "1/2-1/2"]
[WhiteElo "2113"]
[BlackElo "2218"]
[PlyCount "49"]
[EventDate "2008.03.10"]
[EventType "swiss"]
[EventRounds "11"]
[EventCountry "BLR"]
[SourceTitle "CBM 123 Extra"]
[Source "ChessBase"]
[SourceDate "2008.05.06"]
[SourceVersion "1"]
[SourceVersionDate "2008.05.06"]
[SourceQuality "1"]

1. e4 e5 2. Nc3 Nf6 3. Bc4 Nc6 4. d3 Bb4 5. Bg5 h6 6. Bxf6 Qxf6 7. Nge2 d6 8. 0-0 0-0 9. Nd5 Qd8 10. Nxb4 Nxb4 11. c3 Nc6 12. f4 Bg4 13. f5 Qg5 14. Qe1 Na5 15. Ng3 Nxc4 16. dxc4 f6 17. b3 Kh7 18. h3 Bh5 19. Nxh5 Qxh5 20. Qd1 Qxd1 21. Raxd1 a5 22. a4 Ra6 23. Rd5 b6 24. g4 Kg8 25. Kf2 1/2-1/2

[Event "Minsk Inautomarket op"]
[Site "Minsk"]
[Date "2007.07.10"]
[Round "1"]
[White "Miroshnichenko, Evgenij"]
[Black "Berlin, Tatiana"]
[Result "1-0"]
[WhiteElo "2671"]
[BlackElo "2218"]
[PlyCount "87"]
[EventDate "2007.07.10"]
[EventType "swiss"]
[EventRounds "9"]
[EventCountry "BLR"]
[SourceTitle "EXT 2008"]
[Source "ChessBase"]
[SourceDate "2007.11.25"]
[SourceVersion "1"]
[SourceVersionDate "2007.11.25"]
[SourceQuality "1"]

1. Nf3 d5 2. d4 Nf6 3. c4 e6 4. g3 Be7 5. Bg2 0-0 6. 0-0 b6 7. Nc3 Bb7 8. cxd5 exd5 9. Ne5 Nbd7 10. Qa4 Nxe5 11. dxe5 Ne8 12. Rd1 c6 13. e4 Nc7 14. exd5 Nxd5 15. Nxd5 cxd5 16. Be3 Bc5 17. Bxc5 bxc5 18. Rac1 Re8 19. Rxc5 Rxe5 20. Qb3 Qe7 21. Qc3 Re8 22. h4 Qe6 23. Qd4 h6 24. Rc7 Qa6 25. Kh2 g5 26. Bf1 Qg6 27. Rxb7 gxh4 28. gxh4 Re4 29. Qxd5 R8e5 30. Qd8+ Re8 31. Bc4 Qf5 32. Rxf7 Qe5+ 33. Rf4+ Rxc4 34. Rg1+ Kh8 35. Qxe8+ Qxe8 36. Rxc4 Qe5+ 37. Rg3 Qxb2 38. Kg2 Qxa2 39. Rc8+ Kh7 40. Rc7+ Kh8 41. Rd3 Qg8+ 42. Kf1 Qb8 43. Rdd7 a5 44. Rh7+ 1-0

[Event "Novokuznetsk (Women) 10th"]
[Site "Novokuznetsk"]
[Date "2007.03.06"]
[Round "11"]
[White "Yanjindulan, Dolgorsuren"]
[Black "Berlin, Tatiana"]
[Result "1/2-1/2"]
[WhiteElo "2228"]
[BlackElo "2218"]
[PlyCount "44"]
[EventDate "2007.02.27"]
[EventType "tourn"]
[EventRounds "11"]
[EventCountry "RUS"]
[SourceTitle "EXT 2008"]
[Source "ChessBase"]
[SourceDate "2007.11.25"]
[SourceVersion "1"]
[SourceVersionDate "2007.11.25"]
[SourceQuality "1"]

1. e4 e5 2. Nf3 Nc6 3. Bb5 a6 4. Ba4 d6 5. 0-0 g6 6. c3 Bg7 7. h3 Nge7 8. d4 0-0 9. Re1 h6 10. Bb3 Bd7 11. Be3 Kh7 12. dxe5 Nxe5 13. Nxe5 dxe5 14. Nd2 f5 15. Qe2 Bb5 16. Bc4 Bxc4 17. Qxc4 b6 18. Rad1 f4 19. Nf3 Qc8 20. Bc1 g5 21. Nh2 Ng6 22. f3 Rd8 1/2-1/2

[Event "Novokuznetsk (Women) 10th"]
[Site "Novokuznetsk"]
[Date "2007.03.04"]
[Round "8"]
[White "Berlin, Tatiana"]
[Black "Akishina, Tatyana"]
[Result "1-0"]
[WhiteElo "2218"]
[BlackElo "2002"]
[PlyCount "79"]
[EventDate "2007.02.27"]
[EventType "tourn"]
[EventRounds "11"]
[EventCountry "RUS"]
[SourceTitle "EXT 2008"]
[Source "ChessBase"]
[SourceDate "2007.11.25"]
[SourceVersion "1"]
[SourceVersionDate "2007.11.25"]
[SourceQuality "1"]

1. e4 c5 2. Nc3 Nc6 3. f4 d6 4. Nf3 Bg4 5. Be2 e6 6. d3 Nge7 7. 0-0 Bxf3 8. Bxf3 Nd4 9. Ne2 Nec6 10. c3 Nxf3+ 11. Rxf3 Be7 12. Kh1 Qd7 13. d4 cxd4 14. cxd4 d5 15. e5 0-0 16. Ng3 Rac8 17. f5 f6 18. exf6 Bxf6 19. fxe6 Qxe6 20. Be3 Nb4 21. Bg1 Rc7 22. Ne2 Rfc8 23. Nc3 Nc6 24. Re3 Qf7 25. Rh3 a6 26. Qd3 h6 27. Rf1 Re8 28. Qg3 Kh8 29. Nxd5 Qxd5 30. Qxc7 Re7 31. Qf4 Qg5 32. Qf3 Nxd4 33. Bxd4 Bxd4 34. Rg3 Qc5 35. Qb3 Qc8 36. h3 Qg8 37. Qb4 Qb8 38. Qxe7 Qxg3 39. Qd8+ Kh7 40. Qxd4 1-0

[Event "Olympiad Women-37"]
[Site "Turin"]
[Date "2006.05.29"]
[Round "8"]
[White "Muhren, Bianca"]
[Black "Berlin, Tatiana"]
[Result "0-1"]
[WhiteElo "2253"]
[BlackElo "2207"]
[PlyCount "90"]
[EventDate "2006.05.21"]
[EventType "team-swiss"]
[EventRounds "13"]
[EventCountry "ITA"]
[SourceTitle "CBM 112 Extra"]
[Source "ChessBase"]
[SourceDate "2006.07.14"]
[SourceVersion "1"]
[SourceVersionDate "2006.07.14"]
[SourceQuality "1"]
[WhiteTeam "Netherlands (W)"]
[BlackTeam "Belarus (W)"]
[WhiteTeamCountry "NED"]
[BlackTeamCountry "BLR"]

1. e4 Nc6 2. Nf3 e5 3. d4 exd4 4. Nxd4 Bc5 5. Be3 Qf6 6. c3 Nge7 7. g3 d6 8. Bg2 Bd7 9. 0-0 Ne5 10. b4 Bb6 11. a4 c5 12. bxc5 dxc5 13. Nb3 Bg4 14. f3 Rd8 15. N1d2 Be6 16. a5 Nc4 17. Bf4 g5 18. axb6 gxf4 19. Nxc4 Rxd1 20. Rfxd1 axb6 21. e5 Qg5 22. Ra8+ Nc8 23. Nxb6 0-0 24. Nxc8 Bxc8 25. Nxc5 fxg3 26. Nd3 Qe3+ 27. Kh1 gxh2 28. Nb4 Qe2 29. Rd5 Qe1+ 30. Kxh2 Qxc3 31. Nd3 Qc4 32. f4 Bf5 33. Ra3 Be4 34. Rc5 Qd4 35. Bxe4 Qxe4 36. Rcc3 Kh8 37. Rc2 Rd8 38. Rd2 h5 39. Rb3 Qe3 40. Rdb2 Rxd3 41. Rxd3 Qxd3 42. Rxb7 Qe2+ 43. Kg1 Qe3+ 44. Kh2 Qxf4+ 45. Kg1 Qg3+ 0-1

[Event "Olympiad Women-37"]
[Site "Turin"]
[Date "2006.05.23"]
[Round "3"]
[White "Savola, Laura"]
[Black "Berlin, Tatiana"]
[Result "0-1"]
[WhiteElo "1930"]
[BlackElo "2207"]
[PlyCount "70"]
[EventDate "2006.05.21"]
[EventType "team-swiss"]
[EventRounds "13"]
[EventCountry "ITA"]
[SourceTitle "CBM 112 Extra"]
[Source "ChessBase"]
[SourceDate "2006.07.14"]
[SourceVersion "1"]
[SourceVersionDate "2006.07.14"]
[SourceQuality "1"]
[WhiteTeam "Finland (W)"]
[BlackTeam "Belarus (W)"]
[WhiteTeamCountry "FIN"]
[BlackTeamCountry "BLR"]

1. d4 Nf6 2. Nf3 g6 3. c4 Bg7 4. Nc3 0-0 5. Bf4 d6 6. e3 Nbd7 7. Be2 c6 8. h3 Qa5 9. 0-0 e5 10. Bh2 Re8 11. Qc2 Nh5 12. Ne4 Bf8 13. dxe5 dxe5 14. Rfd1 Qc7 15. Nfg5 Nhf6 16. Rd2 h6 17. Nxf6+ Nxf6 18. Nf3 Bg7 19. Rad1 Bf5 20. Bd3 Bc8 21. Be2 Nh7 22. a3 Qe7 23. Bg3 a5 24. Bh4 g5 25. Bg3 Nf8 26. Nh2 a4 27. Nf1 Ne6 28. Bh2 Nc5 29. Re1 f5 30. Ng3 Rf8 31. Nh5 Bh8 32. f4 exf4 33. exf4 Qe3+ 34. Kh1 Ne4 35. Bg1 Qxd2 0-1